000 00296nam a2200121Ia 4500
008 220204s9999 xx 000 0 und d
082 _a007
_bCRU
100 _aCrump, Spencer
245 0 _aFundamentals ofjournalism
260 _aNew York
_bMcGraw Hill
_c1974
650 _aJournalism
942 _cBK
999 _c25468
_d25468